Ayer, hoy y mañana o La fe, el vapor y la electricidad : (Record no. 54284)

MARC details
000 -LEADER
campo de control de longitud fija 01428nam a2200301 i 4500
001 - NÚMERO DE CONTROL
campo de control 54284
003 - IDENTIFICADOR DE NÚMERO DE CONTROL
campo de control ES-MaACL
005 - FECHA Y HORA DE LA ÚLTIMA TRANSACCIÓN
campo de control 20250913063051.0
007 - CAMPO FIJO DE DESCRIPCIÓN FÍSICA--INFORMACIÓN GENERAL
campo de control de longitud fija t|
008 - DATOS DE LONGITUD FIJA--INFORMACIÓN GENERAL
campo de control de longitud fija 940301m18921893sp |||| | spa d
040 ## - FUENTE DE CATALOGACIÓN
Centro catalogador/agencia de origen AS
Lengua de catalogación spa
Centro/agencia transcriptor ES-MaACL
100 1# - ENTRADA PRINCIPAL--NOMBRE DE PERSONA
Nombre de persona Flores, Antonio,
Fechas asociadas al nombre 1818-1865
9 (RLIN) 51252
Término indicativo de función/relación Autor
245 10 - MENCIÓN DEL TÍTULO
Título Ayer, hoy y mañana o La fe, el vapor y la electricidad :
Resto del título cuadros sociales de 1800, 1850 y 1899 /
Mención de responsabilidad, etc. dibujados a la pluma por Antonio Flores.
250 ## - MENCION DE EDICION
Mención de edición Nueva edición ilustrada
260 ## - PUBLICACIÓN, DISTRIBUCIÓN, ETC.
Lugar de publicación, distribución, etc. Barcelona :
Nombre del editor, distribuidor, etc. Montaner y Simón,
Fecha de publicación, distribución, etc. 1892-1893.
300 ## - DESCRIPCIÓN FÍSICA
Extensión 3 volúmenes (431 ; 462 ; 340 páginas) :
Otras características físicas ilustrado ;
Dimensiones 25 cm.
530 ## - NOTA DISPONIBLE DE FORMULARIO FÍSICO ADICIONAL
Nota de formato físico adicional disponible Disponible en formato digital.
740 32 - ENTRADA AGREGADA--TÍTULO RELACIONADO/ANALÍTICO NO CONTROLADO
Título relacionado o analítico no controlado La fé, el vapor y la electricidad.
852 ## - LOCALIZACIÓN
Ubicación ES-MaACL
Número de control de estantería C-3596
itemnumber 56367
Ubicación en estantería Sala Palomar
Designación de la unidad física Volumen I
Encuadernación Encuadernación cartoné
852 ## - LOCALIZACIÓN
Ubicación ES-MaACL
Número de control de estantería C-3597
Ubicación en estantería Sala Palomar
Designación de la unidad física Volumen II
Encuadernación Encuadernación cartoné
852 ## - LOCALIZACIÓN
Ubicación ES-MaACL
Número de control de estantería C-3598
Ubicación en estantería Sala Palomar
Designación de la unidad física Volumen III
Encuadernación Encuadernación cartoné
856 ## - LOCALIZACIÓN Y ACCESO ELECTRÓNICOS
Identificador Uniforme de Recursos <a href="https://archive.org/details/ayerhoyymaanala01florgoog/page/n9 ">https://archive.org/details/ayerhoyymaanala01florgoog/page/n9 </a>
Nota pública Internet Archive
-- (v. 1)
856 ## - LOCALIZACIÓN Y ACCESO ELECTRÓNICOS
Identificador Uniforme de Recursos <a href="http://bvpb.mcu.es/es/consulta/registro.do?id=463622 ">http://bvpb.mcu.es/es/consulta/registro.do?id=463622 </a>
Nota pública Biblioteca Virtual del Patrimonio Bibliográfico
-- (v. 2)
856 ## - LOCALIZACIÓN Y ACCESO ELECTRÓNICOS
Identificador Uniforme de Recursos <a href="https://archive.org/details/ayerhoyymaanala00florgoog/page/n9 ">https://archive.org/details/ayerhoyymaanala00florgoog/page/n9 </a>
Nota pública Internet Archive
-- (v. 3)
942 ## - ELEMENTOS DE ENTRADA SECUNDARIOS (KOHA)
Tipo de ítem Koha Libro impreso antiguo
Suprimir en OPAC No
Holdings
Estatus retirado Estado de pérdida Fuente del sistema de clasificación o colocación Especificación de materiales (volumen encuadernado u otra parte) Estado de daño No para préstamo Colección Biblioteca de origen Biblioteca actual Ubicación en estantería Fecha de adquisición Total de préstamos Signatura topográfica completa Código de barras Visto por última vez Precio de reemplazo Tipo de ítem Koha
    Clasificación decimal universal Vol. I     Colección digital Biblioteca del Ateneo de Madrid Biblioteca del Ateneo de Madrid Sala Palomar 17/01/2008   C-3596 1057045 23/02/2023 23/02/2023 Libro impreso antiguo
    Clasificación decimal universal Vol. II     Colección digital Biblioteca del Ateneo de Madrid Biblioteca del Ateneo de Madrid Sala Palomar 11/09/2025   C-3597 2025-1163 11/09/2025 11/09/2025 Libro impreso antiguo
    Clasificación decimal universal Vol. III     Colección digital Biblioteca del Ateneo de Madrid Biblioteca del Ateneo de Madrid Sala Palomar 11/09/2025   C-3598 2025-1164 11/09/2025 11/09/2025 Libro impreso antiguo